Tilastot visalle Pohjois- ja Etelä-Amerikan liput

Klikkaa tästä pelataksesi tätä visaa!

Yleistilastot

  • Tätä visaa on pelattu 2 496 kertaa
  • Keskiarvotulos 21 / 35

Vastaustilastot

Vastaus% Oikein
Kanada
100%
Brasilia
99%
Yhdysvallat
99%
Jamaika
96%
Meksiko
95%
Argentiina
90%
Kolumbia
85%
Uruguay
79%
Venezuela
79%
Chile
72%
Ecuador
70%
Kuuba
70%
Panama
69%
Barbados
60%
Honduras
58%
Peru
57%
Dominikaaninen tasavalta
53%
Costa Rica
50%
Saint Lucia
49%
Nicaragua
48%
Paraguay
48%
Trinidad ja Tobago
48%
Guatemala
47%
El Salvador
46%
Bahama
45%
Haiti
45%
Belize
42%
Guyana
42%
Suriname
42%
Antigua ja Barbuda
41%
Bolivia
38%
Dominica
38%
Grenada
38%
Saint Vincent ja Grenadiinit
37%
Saint Kitts ja Nevis
35%

Tulosjakauma

Persentiili vastausten määrän mukaan

Jokaisen tuloksen saaneiden osuus

Tuloshistoriasi

Et ole pelannut tätä visaa